000 00423nam a2200181Ia 4500
001 10787
005 20260306161858.0
008 260306t1964||||xx |||||||||||||| ||spa||
041 _aESP
082 _a953
_bB45
100 _aBerque, Jacques
_eAUT
245 0 _aLos árabes de ayer y de mañana
260 _c1964
300 _a451 páginas :
_c17 cm.
650 _aGEN
654 _aCHU
942 _cLIB
_dJUS
_fJUS
_2ddc
_n
999 _c10787
_d10787